Maximization of Lactone Production in a Mechanically Stirred Bioreactor
Salvato in:
| Autore principale: | |
|---|---|
| Altri autori: | |
| Natura: | Manoscritto Libro |
| Lingua: | slovacco inglese |
| Pubblicazione: |
2023
|
| Soggetti: | |
| Accesso online: | http://is.stuba.sk/zp/portal_zp.pl?podrobnosti=176623 |
| Tags: |
Nessun Tag, puoi essere il primo ad aggiungerne!!
|
MARC
| LEADER | 00000ntm a22000003a 4500 | ||
|---|---|---|---|
| 001 | stuzp93826 | ||
| 003 | SK-STU | ||
| 005 | 20230909220204.8 | ||
| 007 | ta | ||
| 008 | 150427s2015----xo-----f-mn---000-0-slo-d | ||
| 040 | |a STU |b slo | ||
| 041 | 0 | |a eng | |
| 100 | 1 | |a Soboslai, Alexander |u 046230 |4 aut |U FCHPT Ústav chemického a environmentálneho inžinierstva |T FCHPT Oddelenie chemického a biochemického inžinierstva |X 88549 |U C6230 |Y 119 |7 88549 | |
| 242 | 0 | 1 | |a Maximalizácia produkcie laktónov v mechanicky miešanom bioreaktore |y slo |
| 245 | 1 | 0 | |a Maximization of Lactone Production in a Mechanically Stirred Bioreactor |
| 260 | |c 2023 | ||
| 650 | 4 | |a Baeyer-Villigerova reakcia |2 slo | |
| 650 | 4 | |a chirálna zmes laktónov |2 slo | |
| 650 | 4 | |a inhibícia |2 slo | |
| 650 | 4 | |a fed-batch |2 slo | |
| 650 | 4 | |a Baeyer-Villiger reaction |2 eng | |
| 650 | 4 | |a chiral mixture of lactones |2 eng | |
| 650 | 4 | |a inhibition |2 eng | |
| 650 | 4 | |a fed-batch |2 eng | |
| 700 | 1 | |a Illeová, Viera |u 046230 |k Z2 |4 ths |U FCHPT Ústav chemického a environmentálneho inžinierstva |T FCHPT Oddelenie chemického a biochemického inžinierstva |X 3981 |U C6230 |Y 119 |7 A000003981 | |
| 856 | 4 | |u http://is.stuba.sk/zp/portal_zp.pl?podrobnosti=176623 | |